| 000 | 00000nam##2200000za#4500 |
| 001 | 9.612613 |
| 003 | CaOODSP |
| 005 | 20200327125100 |
| 007 | ta |
| 008 | 150406|1995||||xxc||||| f|0| 0 eng|d |
| 022 | |a0706-6457 |
| 040 | |aCaOODSP|beng |
| 043 | |an-cn--- |
| 086 | 1 |aFs97-6/2058E |
| 110 | 1 |aCanada. |bDepartment of Fisheries and Oceans. |
| 245 | 10|aSuspended and sedimented matter at a fixed station near Gascons, Baie des Chaleurs, Québec / |cby L. Godbout et al. |
| 260 | |aOttawa - Ontario : |bFisheries and Oceans Canada |c1995. |
| 300 | |avii, 42p. : |bgraphs, map, references, tables ; |c28 cm. |
| 490 | 1 |aCanadian technical report of fisheries and aquatic sciences|x0706-6457|v2058 |
| 500 | |aPrepared at the Department of Fisheries and Oceans, Maurice Lamontagne Institute, P.O. Box 1000, 850 Route de la Mer, Mont Joli, Quebec G5H 3Z4. |
| 546 | |aRésumés en français |
| 563 | |aSoftcover |
| 590 | |a95-42|b1995-10-20 |
| 690 | 07|aMarine biology|2gcpds |
| 720 | 1 |aGodbout, L. |
| 776 | 0#|tSuspended and sedimented matter at a fixed station near Gascons, Baie des Chaleurs, Québec / |w(CaOODSP)9.573853 |
| 830 | #0|aCanadian technical report of fisheries and aquatic sciences,|x0706-6457|v2058|w(CaOODSP)9.514691 |